Second language acquisition: an introductory course
Đã lưu trong:
| Những tác giả chính: | , |
|---|---|
| Định dạng: | Sách |
| Ngôn ngữ: | Tiếng Anh |
| Được phát hành: |
Londres
Lawrence Erlbaum
2001
|
| Phiên bản: | 2a. ed |
| Những chủ đề: | |
| Các nhãn: |
Thêm thẻ
Không có thẻ, Là người đầu tiên thẻ bản ghi này!
|
MARC
| LEADER | 00000nam a2200000 a 4500 | ||
|---|---|---|---|
| 001 | UCN1771 | ||
| 003 | CL-VaPUC | ||
| 008 | 010504e20010000UK |||||||||||||||||eng|d | ||
| 082 | 0 | 4 | |a 401.93 |b GAS |2 21 |
| 100 | |a Gass, Susan M |e author |9 598190 | ||
| 700 | 0 | |a Selinker, Larry |e author |9 457104 | |
| 245 | 1 | 0 | |a Second language acquisition: an introductory course |
| 250 | |a 2a. ed | ||
| 300 | |a 488 p | ||
| 942 | |c BK | ||
| 945 | |d 20010504 00:00:00 |a vberengu | ||
| 260 | |a Londres |b Lawrence Erlbaum |c 2001 | ||
| 650 | 0 | |a Aprendizaje |9 254827 | |
| 650 | 0 | |a Lingüística |9 265068 | |
| 650 | 0 | |a Adquisición del lenguaje |9 309032 | |
| 650 | 0 | |a Educación lingüística |9 306506 | |
| 583 | |a last modification |c 20160907 03:50:37 |k Rodrigo Vera | ||
| 999 | |c 295001 |d 294999 | ||
| 952 | |0 0 |1 0 |4 0 |6 401_930000000000000_GAS_2001 |7 0 |8 A |9 347822 |a FDOPOS |b FDOPOS |d 2019-11-20 |i 3719529 |o 401.93 GAS 2001 |p 3719529 |r 2025-01-22 |w 2019-11-20 |y BK |k MLA | ||
| 952 | |0 0 |1 0 |4 0 |6 401_930000000000000_GAS_2001 |7 0 |8 A |9 347823 |a FDOPOS |b FDOPOS |d 2019-11-20 |i 3773868 |o 401.93 GAS 2001 |p 3773868 |r 2025-01-22 |w 2019-11-20 |y BK |k MLA | ||
| 952 | |0 0 |1 0 |4 0 |6 401_930000000000000_GAS_2001 |7 0 |8 A |9 347824 |a FDOPOS |b FDOPOS |d 2019-11-20 |i 4349237 |o 401.93 GAS 2001 |p 4349237 |r 2025-01-22 |w 2019-11-20 |y BK |k MLA | ||